MARC details
| 000 -LEADER |
| fixed length control field |
01856cam a22004334i 4500 |
| 001 - CONTROL NUMBER |
| control field |
BK0013578298 |
| 003 - CONTROL NUMBER IDENTIFIER |
| control field |
DLC |
| 005 - DATE AND TIME OF LATEST TRANSACTION |
| control field |
20241220161841.0 |
| 008 - FIXED-LENGTH DATA ELEMENTS--GENERAL INFORMATION |
| fixed length control field |
140203s2014 nyu 000 1 eng |
| 010 ## - LIBRARY OF CONGRESS CONTROL NUMBER |
| LC control number |
2014002106 |
| 020 ## - INTERNATIONAL STANDARD BOOK NUMBER |
| International Standard Book Number |
9780345548382 : HRD |
| Terms of availability |
$27.00 |
| 020 ## - INTERNATIONAL STANDARD BOOK NUMBER |
| International Standard Book Number |
0345548388 : HRD |
| Terms of availability |
$27.00 |
| Cancelled/invalid ISBN |
9780345548399 (eBook) |
| 037 ## - SOURCE OF ACQUISITION |
| Source of stock number/acquisition |
Random House Inc, Attn Order Entry 400 Hahn rd, Westminster, MD, USA, 21157 |
| Note |
SAN 201-3975 |
| 040 ## - CATALOGING SOURCE |
| Original cataloging agency |
DLC |
| Language of cataloging |
eng |
| Transcribing agency |
DLC |
| Description conventions |
rda |
| Modifying agency |
DLC |
| 050 00 - LIBRARY OF CONGRESS CALL NUMBER |
| Classification number |
PR6066.E693 |
| Item number |
D44 2014 |
| 082 00 - DEWEY DECIMAL CLASSIFICATION NUMBER |
| Classification number |
823/.914 |
| Edition number |
23 |
| 092 ## - LOCALLY ASSIGNED DEWEY CALL NUMBER (OCLC) |
| Classification number |
823.9140 |
| 100 1# - MAIN ENTRY--PERSONAL NAME |
| Personal name |
Perry, Anne. |
| 245 10 - TITLE STATEMENT |
| Title |
Death on Blackheath : |
| Remainder of title |
a Charlotte and Thomas Pitt Novel / |
| Statement of responsibility, etc |
Anne Perry. |
| 250 ## - EDITION STATEMENT |
| Edition statement |
First Edition. |
| 260 ## - PUBLICATION, DISTRIBUTION, ETC. (IMPRINT) |
| Name of publisher, distributor, etc |
Random House Inc |
| Date of publication, distribution, etc |
2014 |
| 264 #1 - Production, Publication, Distribution, Manufacture, and Copyright Notice. |
| Place of production, publication, distribution, manufacture |
New York : |
| Name of producer, publisher, distributor, manufacturer |
Ballantine Books, |
| Date of production, publication, distribution, manufacture, or copyr |
2014. |
| 300 ## - PHYSICAL DESCRIPTION |
| Extent |
302 pages ; |
| Dimensions |
24 cm. |
| 336 ## - Content Type |
| Content type term |
text |
| 337 ## - Media type |
| Media type term |
unmediated |
| 338 ## - Carrier type |
| Carrier type term |
volume |
| 490 0# - SERIES STATEMENT |
| Series statement |
A Charlotte and Thomas Pitt Novel |
| 520 ## - SUMMARY, ETC. |
| Summary, etc |
Investigating evidence of a violent struggle at the home of Ministry of Defense member Dudley Kynaston, Pitt and the Special Branch discover the brutally murdered body of a young woman before realizing that Kynaston is not who he appears to be. |
| 650 #0 - SUBJECT ADDED ENTRY--TOPICAL TERM |
| Topical term or geographic name as entry element |
Pitt, Charlotte (Fictitious character) |
| Form subdivision |
Fiction. |
| 9 (RLIN) |
5676070 |
| 650 #0 - SUBJECT ADDED ENTRY--TOPICAL TERM |
| Topical term or geographic name as entry element |
Pitt, Thomas (Fictitious character) |
| Form subdivision |
Fiction. |
| 9 (RLIN) |
5676071 |
| 650 #0 - SUBJECT ADDED ENTRY--TOPICAL TERM |
| Topical term or geographic name as entry element |
Murder |
| General subdivision |
Investigation |
| Form subdivision |
Fiction. |
| 9 (RLIN) |
5673630 |
| 650 #0 - SUBJECT ADDED ENTRY--TOPICAL TERM |
| Topical term or geographic name as entry element |
Police |
| Geographic subdivision |
England |
| -- |
London |
| Form subdivision |
Fiction. |
| 9 (RLIN) |
5676072 |
| 650 #0 - SUBJECT ADDED ENTRY--TOPICAL TERM |
| Topical term or geographic name as entry element |
Women detectives |
| Geographic subdivision |
England |
| -- |
London |
| Form subdivision |
Fiction. |
| 9 (RLIN) |
5687180 |
| 650 #0 - SUBJECT ADDED ENTRY--TOPICAL TERM |
| Topical term or geographic name as entry element |
Police spouses |
| Geographic subdivision |
England |
| -- |
London |
| Form subdivision |
Fiction. |
| 9 (RLIN) |
5687819 |
| 651 #0 - SUBJECT ADDED ENTRY--GEOGRAPHIC NAME |
| Geographic name |
London (England) |
| Form subdivision |
Fiction. |
| 9 (RLIN) |
5673622 |
| 651 #0 - SUBJECT ADDED ENTRY--GEOGRAPHIC NAME |
| Geographic name |
Great Britain |
| General subdivision |
History |
| Chronological subdivision |
Victoria, 1837-1901 |
| Form subdivision |
Fiction. |
| 9 (RLIN) |
5676073 |
| 655 #7 - INDEX TERM--GENRE/FORM |
| Genre/form data or focus term |
Mystery fiction. |
| Source of term |
gsafd |
| 655 #7 - INDEX TERM--GENRE/FORM |
| Genre/form data or focus term |
Historical fiction. |
| Source of term |
gsafd |